000 03312nam a2200325Ia 4500
003 CO-CtgCURN
005 20251107220828.0
008 190724s2007 xx 000 0 und d
020 _a9789586535861
040 _aCO-CtgCURN
_bspa
_ccoctgcurn
082 _a591
_bC266d
100 _aCárdenas, Alexandra
_eautora
_96824
245 0 _aEl derecho de los animales /
_cAlexandra Cárdenas; Ricardo Fajardo
250 _a1 edición
260 _aBogotá, Colombia :
_bLegis,
_c2007
300 _a468 páginas ;
_c22 centímetros.
490 _aLex Nova
500 _aIncluye introducción e índice
504 _aIncluye referencias bibliográficas
505 _aSeccion 1. Patas, plumas y pelaje: la emergencia animal -- Cap. I. planteamiento del problema de la subjetividad jurídica animal -- Cap. II. Causas específicas de la negociación de la subjetividad jurídica animal -- Cap. III. Causas singulares de la negación de la subjetividad jurídica animal -- Cap. IV. Escenario animal: Efectos fácticos de la negación de la subjetividad jurídica animal -- Cap. V. Efectos y reacciones públicas de la negación de la subjetividad jurídica animal -- Cap. VI. Soluciones al problema de la subjetividad jurídica animal -- Sección 2 . Cap. I.Fuentes Hard law de derecho doméstico europeo y anglosajón -- Cap. II. Fuentes de derecho internacional hard law relativas al problema de la subjetividad jurídica animal -- Cap. III. Fuentes de derecho internacional soft law relativas al problema de la subjetividad jurídica animal -- Cap. IV. La red del derecho como el no espacio: nueva conceptualización del circuito de la cultura jurídica -- Cap. V. Fuentes de derecho sobre protección animal en el sistema legal colombiano -- Cap. VI. Fuentes de derecho sobre fauna silvestre en el sistema legal colombiano -- Cap. VII. Fuentes sobre sanidad, zoonosis y control de sacrificio de especies destinadas al consumo humano -- Cap. VIII. Jurisprudencia relacionada con el tema animal en el sistema legal colombiano -- Cap. IX. Acción directa violenta y no violenta.
520 _a El derecho de los animales cuenta con dos secciones. En la primera de ellas se brinda un panorama de las relaciones entre hombres y animales, con el fin de poner de presente el problema de la negación de la subjetividad jurídica animal que se traduce en un latente estado de subordinación. Desde un enfoque multidisciplinario, el libro analiza las causas de estas conductas, a través de una valoración crítica de posiciones científicas, económicas y culturales. La segunda sección analiza exhaustivamente las diversas fuentes jurídicas sobre el tema, extensamente difundidas en varios países con diferentes sistemas y modelos de coerción. Cuenta con un estudio respecto a la forma en que tales fuentes han encontrado su origen en el país, y se acompaña de modelos que facilitan la labor para comprender el sistema legal de protección animal.
521 _aAREA BASICA
590 _aPrograma de Derecho_18
650 _aAnimales
_96825
650 _aDerecho de los animales
_96826
700 _aFajardo, Ricardo
_eautor
942 _cBK
_h591
_iC266d
_2ddc
999 _c30075
_d30075